Statistics for Countries with the most Islands

Click here to take the quiz!

General Stats

  • This quiz has been taken 381 times
    (267 since last reset)
  • The average score is 19 of 25

Answer Stats

#Answer% Correct
70,000Canada
97%
15,000United States
96%
265,000Sweden
95%
18,000Indonesia
94%
240,000Norway
94%
3,000Japan
92%
50,000Finland
91%
2,000Russia
91%
10,000United Kingdom
88%
3,000Australia
87%
1,000China
87%
1,000India
82%
8,000Philippines
81%
2,000Chile
80%
1,000Greece
79%
1,000Italy
77%
500New Zealand
75%
500Turkey
64%
4,000South Korea
63%
1,000Thailand
61%
2,000Vietnam
55%
3,000Bahamas
38%
1,000Croatia
38%
1,000Estonia
35%
1,000Maldives
34%

Score Distribution

Percentile by Number Answered

Percent of People with Each Score

Your Score History

You have not taken this quiz since the last reset